Security for debt in ancient Near Eastern law
Αποθηκεύτηκε σε:
| Άλλοι συγγραφείς: | , |
|---|---|
| Μορφή: | Βιβλίο |
| Γλώσσα: | English |
| Δημοσίευση: |
Leiden ; Boston :
Brill,
2001
|
| Σειρά: | Culture and history of the ancient Near East ;
; 9 |
| Θέματα: | |
| Ετικέτες: |
Προσθήκη ετικέτας
Δεν υπάρχουν, Καταχωρήστε ετικέτα πρώτοι!
|
MARC
| LEADER | 00000nam a2200000 i 4500 | ||
|---|---|---|---|
| 001 | 1/61480 | ||
| 008 | 071102s2001 eng d | ||
| 020 | |a 90-04-12124-2 (hbk.) | ||
| 022 | |a 15662055 | ||
| 035 | |l 10092021 | ||
| 040 | |a GR-MY-UA |b gre |e aacr | ||
| 041 | 0 | |a eng | |
| 082 | 0 | |a 346.074 |2 (22) | |
| 245 | 1 | 0 | |a Security for debt in ancient Near Eastern law / |c edited by Raymond Westbrook and Richard Jasnow |
| 260 | |a Leiden ; Boston : |b Brill, |c 2001 | ||
| 300 | |a 360 σ.; |c 24 εκ. | ||
| 490 | 1 | |a Culture and history of the ancient Near East |v ; 9 | |
| 504 | |a Περιλαμβάνει βιβλιογραφίες και ευρετήριο | ||
| 650 | 0 | 0 | |a Security (Law) |z Middle East |x History |y To 1500. |
| 650 | 0 | 0 | |a Law, Ancient. |
| 700 | 1 | |a Westbrook, Raymond. |4 edt | |
| 700 | 1 | |a Jasnow, Richard Lewis. |4 edt | |
| 830 | 0 | |a Culture and history of the ancient Near East ; |v ; 9 | |
| 852 | |a INST |b RHODES |e 20071102 |h 346.074 SEC |p 005400025321 |q 005400025321 |t BK |y 0 | ||
| 901 | |a BIBL4-2007-3 | ||
| 909 | |a Ρ |b 139464 | ||
| 922 | |a 4ΕΛΗ |b 200709 |c ΕΠΕΑΕΚ2/ΤΜΣ |d ΠΑΠΑΣΩΤΗΡΙΟΥ | ||
| 970 | |a ΚΟΖΑ |b ΜΑΡΙΑ |z 2007/11/02 | ||